The concise dictionary of mathematics

Uloženo v:
Podrobná bibliografie
Hlavní autor: Christopher Clapham
Médium: Kniha
Jazyk:Undetermined
Vydáno: Oxford Oxford Univ. Press 1996
Témata:
Tagy: Přidat tag
Žádné tagy, Buďte první, kdo otaguje tento záznam!
Thư viện lưu trữ: Trung tâm Học liệu Trường Đại học Cần Thơ
LEADER 00562nam a2200193Ia 4500
001 CTU_35504
008 210402s9999 xx 000 0 und d
020 |b 254.000đ 
082 |a 510.3 
082 |b C588 
100 |a Christopher Clapham 
245 4 |a The concise dictionary of mathematics 
245 0 |c Christopher Clapham 
260 |a Oxford 
260 |b Oxford Univ. Press 
260 |c 1996 
650 |a english language - dictionaries,mathematics - dictionaries 
904 |i Minh, 000302 
980 |a Trung tâm Học liệu Trường Đại học Cần Thơ